000 00405nam a22001217a 4500
008 230609b xxu||||| |||| 00| 0 eng d
082 _a354.676
_bGOK
110 _bGOK
245 _a2006/2007 Supplementary Estimates (Development Expeditures)
_bEstimates of further sums required to be voted for the service of the year ending 30th June, 2007
260 _bGOK
_cJune, 2007
300 _a574p
942 _2ddc
_cBK
999 _c901
_d901